[Event "Chigorin Memorial 30th"]
[Site "St Petersburg"]
[Date "2023.10.24"]
[Round "4"]
[White "Chernov, Lev"]
[Black "Parshin, Maxim"]
[Result "1-0"]
[WhiteElo "1831"]
[BlackElo "2086"]
[PlyCount "83"]
[EventDate "2023.10.21"]
[EventType "swiss"]
[EventRounds "9"]
[EventCountry "RUS"]
[SourceTitle "Mega2024 Update 01"]
[Source "Chessbase"]
[SourceDate "2023.11.12"]
[SourceVersion "1"]
[SourceVersionDate "2023.11.12"]
[SourceQuality "1"]

1. e4 c6 2. d4 d5 3. e5 Bf5 4. h4 h5 5. Bd3 Bxd3 6. Qxd3 Qa5+ 7. Nd2 e6 8. Ngf3 Nh6 9. 0-0 Nf5 10. Rd1 Be7 11. g3 0-0 12. c4 Rd8 13. b3 c5 14. dxc5 Qxc5 15. Bb2 dxc4 16. Qxc4 Nxg3 17. Qxc5 Bxc5 18. b4 Bb6 19. Nc4 Nf5 20. Nxb6 Rxd1+ 21. Rxd1 axb6 22. Rd8+ Kh7 23. a3 Ne7 24. Nd4 Nd5 25. Nb5 Kg6 26. Rf8 f6 27. Rh8 Kf7 28. Kh1 Kg6 29. Rc8 Ne7 30. Re8 Nd5 31. f4 Kf5 32. Nd4+ Kxf4 33. Nxe6+ Kg3 34. Nxg7 Nc7 35. Rc8 Nc6 36. Rxa8 Nxa8 37. e6 Nc7 38. Bxf6 Nd5 39. Bg5 Kg4 40. Kg1 b5 41. Kf1 Nd4 42. e7 1-0

[Event "Orsha op"]
[Site "Orsha"]
[Date "2019.01.24"]
[Round "9"]
[White "Silich, Yahor"]
[Black "Parshin, Maxim"]
[Result "1-0"]
[WhiteElo "2116"]
[BlackElo "1956"]
[PlyCount "61"]
[EventDate "2019.01.18"]
[EventType "swiss"]
[EventRounds "9"]
[EventCountry "BLR"]
[SourceTitle "CBM 188 Extra"]
[Source "ChessBase"]
[SourceDate "2019.02.26"]
[SourceVersion "1"]
[SourceVersionDate "2019.02.26"]
[SourceQuality "1"]

1. e4 c5 2. Nf3 e6 3. Nc3 Nc6 4. Bb5 g6 5. Bxc6 dxc6 6. 0-0 Bg7 7. e5 f5 8. exf6 Nxf6 9. d3 0-0 10. Bg5 b6 11. Qd2 Qc7 12. Bf4 Qe7 13. Rfe1 Nd5 14. Bg3 Nxc3 15. bxc3 Rf5 16. Re4 Bb7 17. Rae1 Re8 18. Be5 Bxe5 19. Nxe5 c4 20. Nxc4 c5 21. Re5 Rxe5 22. Nxe5 Qf6 23. Qe3 Re7 24. f3 Bd5 25. c4 Bb7 26. Qh6 Qf8 27. Qg5 Kg7 28. Ng4 Qf7 29. Qe5+ Kf8 30. Nh6 Qg7 31. Qf4+ 1-0

[Event "Orsha op"]
[Site "Orsha"]
[Date "2019.01.22"]
[Round "7"]
[White "Parshin, Maxim"]
[Black "Nikolaev, Dmitry"]
[Result "1-0"]
[WhiteElo "1956"]
[BlackElo "1634"]
[PlyCount "63"]
[EventDate "2019.01.18"]
[EventType "swiss"]
[EventRounds "9"]
[EventCountry "BLR"]
[SourceTitle "CBM 188 Extra"]
[Source "ChessBase"]
[SourceDate "2019.02.26"]
[SourceVersion "1"]
[SourceVersionDate "2019.02.26"]
[SourceQuality "1"]

1. d4 Nf6 2. Nf3 g6 3. Bg5 Bg7 4. Nbd2 0-0 5. c3 d6 6. e4 c5 7. dxc5 dxc5 8. Bc4 Nc6 9. 0-0 Bg4 10. h3 Bd7 11. Re1 e5 12. a4 h6 13. Bxf6 Bxf6 14. Nf1 Be6 15. Bxe6 fxe6 16. Qb3 Qe7 17. Ne3 h5 18. Rad1 Rfd8 19. Nc4 g5 20. Ne3 Rxd1 21. Rxd1 Rd8 22. Rxd8+ Nxd8 23. Kf1 Kh7 24. Ke2 Kg6 25. g4 Nf7 26. gxh5+ Kxh5 27. Qd1 Qe8 28. Ng4 Bg7 29. Ke3 Qc6 30. Nfxe5 Qc7 31. Nf6+ Kh6 32. Qh5# 1-0

[Event "Orsha op"]
[Site "Orsha"]
[Date "2019.01.21"]
[Round "6"]
[White "Kuleba, Ivan"]
[Black "Parshin, Maxim"]
[Result "0-1"]
[WhiteElo "1617"]
[BlackElo "1956"]
[PlyCount "96"]
[EventDate "2019.01.18"]
[EventType "swiss"]
[EventRounds "9"]
[EventCountry "BLR"]
[SourceTitle "CBM 188 Extra"]
[Source "ChessBase"]
[SourceDate "2019.02.26"]
[SourceVersion "1"]
[SourceVersionDate "2019.02.26"]
[SourceQuality "1"]

1. c4 c5 2. Nf3 Nf6 3. Nc3 e6 4. d4 cxd4 5. Nxd4 a6 6. e4 d6 7. Be3 Be7 8. Be2 Nbd7 9. a3 Qc7 10. Rc1 b6 11. b4 Bb7 12. f3 Rc8 13. 0-0 0-0 14. Nb3 Qb8 15. Qd2 Bd8 16. Rfd1 Bc7 17. Bf4 Ne8 18. Bf1 Rd8 19. Qf2 Ndf6 20. b5 Nd7 21. Qg3 a5 22. Na4 Kh8 23. Qf2 h6 24. g3 Nef6 25. Be3 Nc5 26. Nbxc5 dxc5 27. Bg2 Ba8 28. Kf1 Be5 29. Nxb6 Bxe4 30. Bxc5 Rg8 31. fxe4 Ng4 32. Qe2 Nxh2+ 33. Kg1 Bxg3 34. Rxd8 Qxd8 35. Rd1 Qg5 36. Be3 Qg6 37. c5 Ng4 38. c6 Qh5 39. Bf3 Bh2+ 40. Kf1 Qh3+ 41. Ke1 Qh4+ 42. Bf2 Nxf2 43. Qxf2 Bg3 44. Rd2 f5 45. c7 fxe4 46. Bxe4 Qxe4+ 47. Re2 Bxf2+ 48. Kxf2 Qd4+ 0-1

[Event "Orsha op"]
[Site "Orsha"]
[Date "2019.01.20"]
[Round "4"]
[White "Parshin, Maxim"]
[Black "Sychev, Dmitriy"]
[Result "1-0"]
[WhiteElo "1956"]
[BlackElo "1847"]
[PlyCount "81"]
[EventDate "2019.01.18"]
[EventType "swiss"]
[EventRounds "9"]
[EventCountry "BLR"]
[SourceTitle "CBM 188 Extra"]
[Source "ChessBase"]
[SourceDate "2019.02.26"]
[SourceVersion "1"]
[SourceVersionDate "2019.02.26"]
[SourceQuality "1"]

1. d4 Nf6 2. Nf3 g6 3. c4 Bg7 4. Nc3 0-0 5. e4 d6 6. Be2 e5 7. Be3 Nc6 8. d5 Ne7 9. Nd2 Ne8 10. c5 f5 11. f3 f4 12. Bf2 Nf6 13. Nc4 Ne8 14. b4 g5 15. Rc1 Ng6 16. h3 Rf7 17. Qb3 Bf8 18. a4 Nf6 19. cxd6 cxd6 20. Nb5 Nh5 21. Bxa7 Nh4 22. Bb6 Qd7 23. Rg1 Ng3 24. Kd2 Nxg2 25. Rxg2 Qxh3 26. Rcg1 Nxe4+ 27. Kc1 Bd7 28. Bf1 Qh4 29. fxe4 Bxb5 30. axb5 Qe1+ 31. Kc2 Ra1 32. Bd3 Rc1+ 33. Kb2 f3 34. Rxg5+ Bg7 35. Rxe1 Rxe1 36. Qc2 h6 37. Rg3 Rf4 38. Bf2 Rh1 39. Nxd6 Kh8 40. Qc7 Bf6 41. Qc8+ 1-0

[Event "Orsha op"]
[Site "Orsha"]
[Date "2019.01.18"]
[Round "2"]
[White "Parshin, Maxim"]
[Black "Poghosyan, Sarmen"]
[Result "1-0"]
[WhiteElo "1956"]
[BlackElo "1361"]
[PlyCount "43"]
[EventDate "2019.01.18"]
[EventType "swiss"]
[EventRounds "9"]
[EventCountry "BLR"]
[SourceTitle "CBM 188 Extra"]
[Source "ChessBase"]
[SourceDate "2019.02.26"]
[SourceVersion "1"]
[SourceVersionDate "2019.02.26"]
[SourceQuality "1"]

1. d4 d5 2. Nf3 Nf6 3. Bg5 e6 4. Nbd2 c5 5. e3 Nbd7 6. c3 Be7 7. Bd3 0-0 8. Ne5 Nxe5 9. dxe5 Nd7 10. Bf4 f5 11. h4 b6 12. g4 Bb7 13. gxf5 exf5 14. Qf3 Qc8 15. Qg3 Kh8 16. 0-0-0 Nb8 17. Rdg1 Rg8 18. Nf3 Nc6 19. Ng5 Nd8 20. Nxh7 c4 21. Qg6 Qe6 22. Nf6 1-0